Indigo Destinations - Statistics

General Stats
  • This quiz has been taken 10 times
  • The average score is 76 of 141
Answer Stats
Country/Province Answer % Correct
United Arab Emirates Abu Dhabi
100%
Gujarat Ahmedabad
90%
Netherlands Amsterdam
90%
Greece Athens
90%
Azerbaijan Baku
90%
Thailand Bangkok
90%
Tamil Nadu Chennai
90%
Sri Lanka Colombo
90%
Denmark Copenhagen
90%
Indonesia Denpasar
90%
Qatar Doha
90%
United Arab Emirates Dubai
90%
China Guangzhou
90%
Vietnam Hanoi
90%
Hong Kong Hong Kong
90%
Turkey Istanbul
90%
Rajasthan Jaipur
90%
Indonesia Jakarta
90%
Saudi Arabia Jeddah
90%
Malaysia Kuala Lumpur
90%
Kazakhstan Almaty
80%
Uttar Pradesh Delhi (Ghaziabad)
80%
Delhi Delhi (IGI)
80%
Bangladesh Dhaka
80%
Nepal Kathmandu
80%
Kerala Kochi
80%
West Bengal Kolkata (Durgapur)
80%
West Bengal Kolkata (NSCBI)
80%
Kuwait Kuwait City
80%
United Kingdom London
80%
Maldives Male
80%
United Kingdom Manchester
80%
Oman Muscat
80%
Kenya Nairobi
80%
Thailand Phuket
80%
Saudi Arabia Riyadh
80%
Karnataka Bengaluru
70%
Chandigarh Chandigarh
70%
Saudi Arabia Dammam
70%
Malaysia Georgetown Penang
70%
Vietnam Ho Chi Minh City
70%
Telangana Hyderabad
70%
Rajasthan Jodhpur
70%
Saudi Arabia Medina
70%
Maharashtra Mumbai (CSMI)
70%
Maharashtra Mumbai (Navi)
70%
Maharashtra Nagpur
70%
Mauritius Port Louis
70%
Maharashtra Pune
70%
United Arab Emirates Sharjah
70%
Singapore Singapore
70%
Uzbekistan Tashkent
70%
Georgia Tbilisi
70%
Uttar Pradesh Agra
60%
Punjab Amritsar
60%
Madhya Pradesh Bhopal
60%
Madhya Pradesh Indore
60%
Rajasthan Jaisalmer
60%
Jammu & Kashmir Jammu
60%
Kerala Kozhikode
60%
Malaysia Langkawi
60%
Andaman & Nicobar Islands Sri Vijaya Puram
60%
Gujarat Surat
60%
Tripura Agartala
50%
Daman & Diu Diu
50%
United Arab Emirates Fujairah
50%
Assam Guwahati
50%
Madhya Pradesh Gwalior
50%
Karnataka Hubballi
50%
Manipur Imphal
50%
Punjab Jalandhar
50%
Uttar Pradesh Lucknow
50%
Cambodia Siem Reap
50%
Rajasthan Udaipur
50%
Lakshadweep Agatti
40%
Rajasthan Ajmer
40%
Uttar Pradesh Ayodhya
40%
Uttar Pradesh Bareilly
40%
Rajasthan Bikaner
40%
Maharashtra Chhatrapati Sambhajinagar
40%
Tamil Nadu Coimbatore
40%
Uttarakhand Dehradun
40%
Himachal Pradesh Dharamshala
40%
Bihar Gaya
40%
Uttar Pradesh Gorakhpur
40%
Arunachal Pradesh Itanagar
40%
Madhya Pradesh Jabalpur
40%
Sri Lanka Jaffna
40%
Kerala Kannur
40%
Thailand Krabi
40%
Tamil Nadu Madurai
40%
Seychelles Mahe
40%
Karnataka Mangaluru
40%
Goa Mopa
40%
Maharashtra Nashik
40%
Bihar Patna
40%
Puducherry Puducherry
40%
Chhattisgarh Raipur
40%
Gujarat Rajkot
40%
Meghalaya Shillong
40%
West Bengal Siliguri
40%
Jammu & Kashmir Srinagar
40%
Gujarat Vadodara
40%
Uttar Pradesh Varanasi
40%
Goa Vasco Da Gama
40%
Andhra Pradesh Visakhapatnam
40%
Mizoram Aizawl
30%
Karnataka Belagavi
30%
Odisha Bhubaneswar
30%
Bihar Darbhanga
30%
Assam Dibrugarh
30%
Nagaland Dimapur
30%
Chhattisgarh Jagdalpur
30%
Assam Jorhat
30%
Uttar Pradesh Kanpur
30%
Maharashtra Kolhapur
30%
Ladakh Leh
30%
Karnataka Mysuru
30%
Uttar Pradesh Prayagraj
30%
Jharkhand Ranchi
30%
United Arab Emirates Ras Al Khaimah
30%
Uttarakhand Rudrapur
30%
Tamil Nadu Salem
30%
Maharashtra Shirdi
30%
Assam Silchar
30%
Kerala Thiruvananthapuram
30%
Andhra Pradesh Tirupati
30%
Jharkhand Deoghar
20%
Maharashtra Gondia
20%
Odisha Jharsuguda
20%
Andhra Pradesh Kadapa
20%
Madhya Pradesh Khajuraho
20%
Andhra Pradesh Kurnool
20%
Bahrain Muharraq
20%
Andhra Pradesh Rajamahendravaram
20%
Karnataka Shivamogga
20%
Andhra Pradesh Vijayawada
20%
Bihar Purnia
10%
Madhya Pradesh Rewa
10%
Tamil Nadu Thoothukudi
10%
Tamil Nadu Tiruchirappalli
10%
No matching quizzes found
Score Distribution
Percent of People with Each Score
Percentile by Number Answered
Your Score History
You have not taken this quiz